00254nam a2200109Ia 4500008004100000100001100041245003500052260002100087650001200108942000700120999001700127190216s9999||||xx |||||||||||||| ||und|| aFaiman 0aBhouthikam Faiman Presangangal bBhasha Institute aPhysics cBK c39091d39091